00286nam a2200121Ia 4500008004100000041000800041082001200049100001900061245002800080260002500108300002400133365000700157240624s9999 xx 000 0 und d aeng a920 NAR aFARIMAN FALI S aBEFORE THE MEMORY FADES aAustraliabHay House a459 : p. : cm. ; 24 cRS